=LDR 00000nam 2200000 4500 =001 INLIS000000000016379 =005 20141115130931.0 =006 =007 =008 Ind =035 ##$$0010-061300000016379 =041 ##$$a Ind =082 ##$$a 2x5.07 =090 ##$$a 2x5.07, Isk a =100 ##$$a Iskandar, H.M =245 ##$$a Akidah akhlak untuk SMA, kurikulum SMA 1994 sesuai GBPP 1986, H.M.Iskandar =260 ##$$a 1990 $b Solo =300 ##$$a ...jil, ilus, 21 cm =650 ##$$a Islam-Akhlak =650 ##$$a Studi dan pengajaran =850 ##$$a NBPNMAT =990 ##$$a 0001/BPAP-NTB/20142014 =990 ##$$a 0001/BPAP-NTB/20142014 =990 ##$$a 0001/BPAP-NTB/2015